00473nam a2200133Ia 4500003000200000005001700002008004100019050002300060100003200083245007800115260008600193300003300279521002700312020250212144917.0140724s9999 xx 000 0 und d aZ 696 b.F314 2008 aFeliciano, Orlando Cesar S. aDigital library system of Cuenca Institute /cOrlando Cesar S. Feliciano. aLas Piñas, Philippines :bSouthville International School and Colleges,cc2008. a78 p. :bcol. Ill. ;c28 cm. aInformation Technology